000 00380nam a22001577a 4500
003 OSt
008 230222b |||||||| |||| 00| 0 eng d
041 _amal
082 _a894.812 3
_bPAS/DO
100 _aPasternak, Boris Leonidovich
_95384
245 _aDoctor zhivago
250 _I3rd
260 _aThiruvanathapuram
_CChintha Publishers
_c2023
300 _a592
942 _cBK
999 _c17629
_d17629